Library Banner

Aurat aur Islam/ (Record no. 102321)

MARC details
000 -LEADER
fixed length control field 00393nam a22001457a 4500
005 - DATE AND TIME OF LATEST TRANSACTION
control field 20180127154508.0
008 - FIXED-LENGTH DATA ELEMENTS--GENERAL INFORMATION
fixed length control field 180127b xxu||||| |||| 00| 0 eng d
040 ## - CATALOGING SOURCE
Transcribing agency PK-LaUMT
082 ## - DEWEY DECIMAL CLASSIFICATION NUMBER
Classification number PKAC 297.082
Item number JAL-A
100 ## - MAIN ENTRY--PERSONAL NAME
Personal name Jalal ud Din Umari
245 ## - TITLE STATEMENT
Title Aurat aur Islam/
Statement of responsibility, etc Jalal ud Din Umari
260 ## - PUBLICATION, DISTRIBUTION, ETC. (IMPRINT)
Place of publication, distribution, etc لاہور:
Name of publisher, distributor, etc البدر پبلیکیشنز،
Date of publication, distribution, etc 1983
300 ## - PHYSICAL DESCRIPTION
Extent 80
942 ## - ADDED ENTRY ELEMENTS (KOHA)
Koha item type Books
Holdings
Withdrawn status Lost status Damaged status Home library Current library Date acquired Full call number Barcode Date last seen Price effective from Koha item type
      UMT Main Campus UMT Main Campus 2018-01-27 PKAC 297.082 JAL-A 118278 2018-01-27 2018-01-27 Books